Every NHL Team Ever - Statistics

General Stats
  • This quiz has been taken 370 times
  • The average score is 37 of 52
Answer Stats
Years in NHL Team Name % Correct
1917 - Present Montreal Canadiens
96%
1980 - Present Calgary Flames
93%
1979 - Present Edmonton Oilers
93%
1926 - Present New York Rangers
93%
2017 - Present Vegas Golden Knights
93%
1924 - Present Boston Bruins
92%
1917 - 1934 | 1992 - Present Ottawa Senators
92%
1926 - Present Toronto Maple Leafs
92%
1979 - 1996 | 2011 - Present Winnipeg Jets
91%
1926 - Present Chicago Blackhawks
89%
1972 - Present New York Islanders
89%
1970 - Present Vancouver Canucks
89%
1932 - Present Detroit Red Wings
88%
1993 - Present Florida Panthers
88%
1991 - Present San Jose Sharks
88%
1993 - Present Dallas Stars
87%
2000 - Present Minnesota Wild
87%
1992 - Present Tampa Bay Lightning
87%
1967 - Present Los Angeles Kings
86%
1967 - Present Pittsburgh Penguins
86%
1967 - Present Philadelphia Flyers
85%
1993 - Present Anaheim Ducks
84%
1995 - Present Colorado Avalanche
84%
2000 - Present Columbus Blue Jackets
84%
1996 - Present Phoenix Coyotes
84%
1967 - Present St. Louis Blues
84%
1997 - Present Carolina Hurricanes
83%
1998 - Present Nashville Predators
82%
1970 - Present Buffalo Sabres
81%
1974 - Present Washington Capitals
81%
1982 - Present New Jersey Devils
79%
1999 - 2011 Atlanta Thrashers
76%
1979 - 1995 Quebec Nordiques
73%
1979 - 1997 Hartford Whalers
72%
1967 - 1993 Minnesota North Stars
68%
1924 - 1938 Montreal Maroons
63%
1967 - 1976 California Golden Seals
60%
1976 - 1982 Colorado Rockies
49%
1925 - 1942 New York Americans
48%
1919 - 1926 Toronto St. Patricks
48%
1976 - 1978 Cleveland Barons
43%
1974 - 1976 Kansas City Scouts
41%
1925 - 1930 Pittsburgh Pirates
41%
1919 - 1920 Quebec Bulldogs
39%
1920 - 1925 Hamilton Tigers
38%
1917 - 1918 Montreal Wanderers
38%
1917 - 1919 Toronto Arenas
37%
1930 - 1931 Philadelphia Quakers
32%
1934 - 1935 St. Louis Eagles
29%
1972 - 1980 Atlanta Flames
25%
1926 - 1930 Detroit Cougars
22%
1930 - 1932 Detroit Falcons
20%
No matching quizzes found
Score Distribution
Percent of People with Each Score
Percentile by Number Answered
Your Score History
You have not taken this quiz